000 01293cam a2200409 i 4500
001 54978
003 KOSZ 005
005 20200811082443.0
008 021211s2002 pl a f f |000 0 pol
015 _aPB 2003/157
020 _a8386264802
040 _aWA N
_cWA N
_dKOSZ 005/HR
041 0 _apol
_beng
046 _k2002
080 _a633.1
080 _a631.56
080 _a(07)
100 1 _aSzyszło, Jan
_eAutor
245 1 0 _aTechnologie i techniki w przechowalnictwie zbóż /
_cJan Szyszło ; Instytut Budownictwa, Mechanizacji i Elektryfikacji Rolnictwa.
260 _aWarszawa :
_bIBMiER,
_c2002.
300 _a91 s. :
_bil. ;
_c29 cm.
336 _2rdacontent
_aTekst
_btxt
337 _2rdamedia
_aBez urządzenia pośredniczącego
_bn
338 _2rdacarrier
_aWolumin
_bnc
380 _aKsiążki
380 _aPublikacje fachowe
388 _a2001-
504 _aBibliogr.
546 _aStreszcz. ang.
650 4 _aZboże
650 4 _aMagazynowanie
655 4 _aPodręcznik
658 _aRolnictwo i leśnictwo
710 2 _aInstytut Budownictwa, Mechanizacji i Elektryfikacji Rolnictwa
856 _uhttp://koha.tu.koszalin.pl/cgi-bin/koha/opac-detail.pl?biblionumber=54978
_yKatalog online BPK
942 _2UKD
_cKS
999 _c54978
_d54978